مكتبة جامعة عجلون الوطنية

فهرس بحث المكتبة

Tuning Moyen-Orient et Afrique du Nord: Les Points de Reference Pour la Conception et la Prestation de Programmes d'Etudes Universitaires en Sciences Infirmieres (Record no. 2931)

MARC details
000 -LEADER
fixed length control field 00743nam a2200205Ii 4500
003 - CONTROL NUMBER IDENTIFIER
control field JO-AjNU
008 - FIXED-LENGTH DATA ELEMENTS--GENERAL INFORMATION
fixed length control field 230606s9999||||xx |||||||||||||| ||und||
020 ## - INTERNATIONAL STANDARD BOOK NUMBER
International Standard Book Number 978-84-16982-06-6
040 ## - CATALOGING SOURCE
Original cataloging agency JO-AjNU
Language of cataloging eng
Description conventions rda
Transcribing agency JO-AjNU
041 ## - LANGUAGE CODE
Language code of text/sound track or separate title eng
050 14 - LIBRARY OF CONGRESS CALL NUMBER
Classification number RT69.2016
100 3# - MAIN ENTRY--PERSONAL NAME
Personal name Eswi, Abeer Saad , Boubaker Zarrad,
Relator term author
9 (RLIN) 5670
245 00 - TITLE STATEMENT
Title Tuning Moyen-Orient et Afrique du Nord: Les Points de Reference Pour la Conception et la Prestation de Programmes d'Etudes Universitaires en Sciences Infirmieres
264 31 - PRODUCTION, PUBLICATION, DISTRIBUTION, MANUFACTURE, AND COPYRIGHT NOTICE
Place of production, publication, distribution, manufacture Bilbao: Universite de Deusto, 2016
300 ## - PHYSICAL DESCRIPTION
Extent 67P
336 ## - CONTENT TYPE
Content type term text
Content type code txt
Source rdacontent
337 ## - MEDIA TYPE
Media type term unmediated
Media type code n
Source rdamedia
338 ## - CARRIER TYPE
Carrier type term volume
Carrier type code nc
Source rdacarrier
650 #4 - SUBJECT ADDED ENTRY--TOPICAL TERM
Topical term or geographic name entry element Nursing - study and education
9 (RLIN) 5671
Holdings
Withdrawn status Lost status Source of classification or shelving scheme Damaged status Not for loan Home library Current library Shelving location Date acquired Total Checkouts Full call number Barcode Date last seen Price effective from Koha item type
    Library of Congress Classification     مكتبة جامعة عجلون الوطنية مكتبة جامعة عجلون الوطنية المجموعات العامة 06/06/2023   RT69.2016 E2933 06/06/2023 06/06/2023 Books